Obálka Náhled e-knihy:
Epub
Pro půjčování e-knih musíte být přihlášeni.
Jak si půjčit online?

Tom Sawyer, Detective /

Tom Sawyer and Huckleberry Finn attempts to solve a mysterious murder which takes them onboard a steamboat back to Arkansas, gets them tangled up with diamond thieves and the ghost of a missing burglar. In this burlesque of the immensely popular detective novels of the time Tom and Huck find themsel...

Celý popis

Uloženo v:
Série:Adventures of Tom and Huck, část 4
Hlavní autor: Twain, Mark (Autor)
Médium: E-kniha
Jazyk:Czech
Vydáno: Praha : Saga Egmont, 2020
Příbuzné jednotky:Z cyklu:: Adventures of Tom and Huck
Tagy:
Žádné tagy
LEADER 01848nam a22002417i 4500
001 313945
007 ta
008 260625s2020 xr ||||| |||| 00| 0 cze d
020 |a 9990003824615 
044 |a xr 
100 1 |a  Twain, Mark  |4 aut 
245 1 0 |a Tom Sawyer, Detective /  |c  Twain, Mark 
264 1 |a Praha :  |b Saga Egmont,  |c 2020 
300 |a 1 online zdroj (188 stran) 
336 |a text  |b txt  |2 rdacontent 
337 |a bez média  |b n  |2 rdamedia 
338 |a online zdroj  |b cr  |2 rdacarrier 
520 2 |a Tom Sawyer and Huckleberry Finn attempts to solve a mysterious murder which takes them onboard a steamboat back to Arkansas, gets them tangled up with diamond thieves and the ghost of a missing burglar. In this burlesque of the immensely popular detective novels of the time Tom and Huck find themselves with Uncle Silas and his family again (see "The Adventures of Huckleberry Finn"). Like the two preceding novels, the story is told using the first person narrative voice of Huck Finn. Mark Twain was greatly inspired by Sir Arthur Conan Doyle's writings and Tom and Huck's relationship is by many compared to that of Sherlock Holmes and Dr. Watson.Tom Sawyer, Detective is an 1896 novel by Mark Twain. It is the fourth books in the series of Tom Sawyer and Huckleberry The Adventures of Tom Sawyer (1876), Adventures of Huckleberry Finn (1884), and Tom Sawyer Abroad (1894) 
787 0 8 |g 4  |i Z cyklu:  |t Adventures of Tom and Huck 
910 |a RBIT002 
998 |d 382461  |a https://core.palmknihy.cz/api/books/382461/cover?th519y  |b https://core.palmknihy.cz/api/books/382461/cover/400?th519y  |c https://core.palmknihy.cz/api/books/382461/cover/50?th519y  |e   |g 188  |i 9990003824615  |j https://core.palmknihy.cz/api/books/382461/preview.epub  |l   |q 49  |r 1  |s https://www.palmknihy.cz/kniha/382461  |t ebook  |y 2020  |z 1  |v Adventures of Tom and Huck  |w 4 
999 |d 313943